Persona 5 Party Members Quiz - Statistics

General Stats
  • This quiz has been taken 215 times
  • The average score is 9 of 10
Answer Stats
Element PM % Correct
Wild Card Ren Amamiya / Joker
98%
Electric Ryuji Sakamoto / Skull
96%
Wind Morgana / Mona
94%
Fire Ann Takamaki / Panther
92%
Nuke Makoto Niijima / Queen
92%
Ice Yusuke Kitagawa / Fox
92%
Navigator Futaba Sakura / Oracle
88%
Psy Haru Okumura / Noir
84%
Bless / Curse Goro Akechi / Crow
82%
Bless Sumire Yoshizawa / Violet
69%
No matching quizzes found
Score Distribution
Percent of People with Each Score
Percentile by Number Answered
Your Score History
You have not taken this quiz